|
|
|
|
| LEADER |
00000cam a2200000 7i4500 |
| 001 |
0000002001 |
| 005 |
20020731.0 |
| 020 |
0 |
0 |
|a 9838120340
|
| 090 |
0 |
0 |
|a R508.5983
|b SHE 1999
|
| 100 |
1 |
0 |
|a SHELFORD
|h Robert Walter Campbell
|c 1872-
|
| 245 |
1 |
2 |
|a A naturalist in Borneo
|c by Robert W.C. Shelford
|f edited with a biographical introduction by Edward B. Poulton
|
| 260 |
0 |
0 |
|a Kota Kinabalu , Sabah :
|b Natural History Pub. ,
|c 1999
|
| 300 |
|
|
|a xxvii, 331 p., 32plates :
|b ill. ;
|c 23 cm.
|
| 500 |
0 |
0 |
|a Includes index
|
| 650 |
0 |
0 |
|a Natural history
|z Borneo
|x History
|
| 650 |
0 |
0 |
|a Naturalists
|z Borneo
|x History
|
| 700 |
0 |
1 |
|a Poulton
|h Edward B.
|
| 998 |
|
|
|a JPSM
|
| 999 |
|
|
|a 0000003341
|b Monograph
|c Reference
|e Default branch
|